LEADER 02681nam0 22005413i 450 001 RML0153770 005 20251003044341.0 100 $a20240424d2003 ||||0itac50 ba 101 | $aita$cita 102 $ait 181 1$6z01$ai $bxxxe 182 1$6z01$an 183 1$6z01$anc$2RDAcarrier 200 1 $aPolitica monetaria e dintorni$edagli anni ottanta all'Unione monetaria europea$fMario Arcelli; presentazione di Cesare Geronzi 210 $aRoma$cCapitalia$dstampa 2003 215 $aIII, 352 p.$cill.$d23 cm. 225 | $aˆI ‰quaderni di Economia italiana$v1 410 0$1001RML0150921$12001 $aˆI ‰quaderni di Economia italiana$v1 500 10$aPolitica monetaria e dintorni$3IEI0746121$9CFIV012863$967228 606 $aMercati finanziari$2FIR$3CFIC001170$9E 606 $aPolitica monetaria$2FIR$3CFIC004659$9E 676 $a332.4$9$v21 686 $a430.5$cFINANZA CREDITO E MONETA 1968-1989$2R 686 $a530.5$cFINANZA CREDITO MONETA 1989-2001$2R 686 $a537.0$cMERCATO GLOBALE 1989-2001$2R 686 $aIT/4422.6$cPOLITICA ECONOMICA ITALIA 1968-1989$2R 686 $aIT/4430.0$cECONOMIA E SOCIETA ITALIA 1968-1989$2R 686 $aIT/4435.0$cFINANZA CREDITO MONETA ITALIA 1968-1989$2R 686 $aIT/4435.1$cPOLITICA E LEGISLAZIONE FINANZIARIA ITALIA 1968-1989$2R 686 $aIT/4435.2$cBANCA D'ITALIA POLITICA MONETARIA ITALIA 1968-1989$2R 686 $aIT/4435.5$cMERCATO FINANZIARIO BORSE VALORI ITALIA 1968-1989$2R 686 $aIT/5422.6$cPOLITICA ECONOMICA ITALIA 1989-2001$2R 686 $aIT/5430.0$cECONOMIA E SOCIETA ITALIA 1989-2001$2R 686 $aIT/5435.0$cFINANZA CREDITO MONETA ITALIA 1989-2001$2R 686 $aIT/5435.1$cPOLITICA E LEGISLAZIONE FINANZIARIA ITALIA 1989-2001$2R 686 $aIT/5435.2$cBANCA D'ITALIA POLITICA MONETARIA ITALIA 1989-2001$2R 686 $aIT/5435.5$cMERCATO FINANZIARIO BORSE VALORI ITALIA 1989-2001$2R 686 $aX09.1$cTEORIA ECONOMICA$2R 700 1$aArcelli$b, Mario$3CFIV012863$4070$089327 702 1$aGeronzi$b, Cesare$3LO1V163624 801 3$aIT$bIT-000000$c20240424 850 $aIT-BN0095 901 $bNAP 01$cPOZZO LIB.$nVi sono collocati fondi di economia, periodici di ingegneria e scienze, periodici di economia e statistica e altri fondi comprendenti documenti di economia pervenuti in dono. 912 $aRML0153770 950 0$aBiblioteca Centralizzata di Ateneo$c1 v.$d 01POZZO LIB.ECON MON 4719$e 01C 0800203315E VMA 1 v. (Precedente collocazione: EC C 20 331)$fB $h20130328$i20130328 977 $a 01 996 $aPolitica monetaria e dintorni$967228 997 $aUNISANNIO